Administración y descentralización educativa
Збережено в:
| Автори: | , |
|---|---|
| Формат: | Книга |
| Мова: | Іспанська |
| Опубліковано: |
Concepción
Aníbal Pinto
1988
|
| Предмети: | |
| Теги: |
Додати тег
Немає тегів, Будьте першим, хто поставить тег для цього запису!
|
MARC
| LEADER | 00000nam a2200000 a 4500 | ||
|---|---|---|---|
| 001 | UCL3172 | ||
| 003 | CL-VaPUC | ||
| 005 | 20230325074256.0 | ||
| 008 | 031114e19880000cl 1 spa d | ||
| 082 | 0 | 4 | |a 379.1535 |b JIM |2 21 |
| 100 | |a Jiménez E., Jorge |e author |9 620401 | ||
| 700 | 1 | |a Figueroa L., Claudio |e author |9 620402 | |
| 245 | 1 | 0 | |a Administración y descentralización educativa |
| 260 | |a Concepción |b Aníbal Pinto |c 1988 | ||
| 300 | |a 52 p | ||
| 583 | |a last modification |c 20170504 12:05:42 |k Rodrigo Vera | ||
| 650 | 0 | 0 | |a Estado y educación |9 311264 |
| 650 | 0 | 0 | |a Política gubernamental |9 262286 |
| 650 | 0 | 7 | |a DESCENTRALIZACION |2 CL-VaPUC |9 311229 |
| 650 | 0 | 0 | |a Administración de la enseñanza |9 261034 |
| 650 | 0 | 0 | |a Gestión educacional |9 261035 |
| 942 | |c BK | ||
| 945 | |a cmena |d 20031114 00:00:00 | ||
| 546 | |a En Español | ||
| 536 | |a Universidad de Playa Ancha | ||
| 536 | |a Universidad de Concepción | ||
| 536 | |a OEA | ||
| 518 | |p Encuentro Regional en Administración y Descentralización Educativa, 1, Viña del Mar, 4 y 5 de agosto de 1988 | ||
| 999 | |c 383923 |d 383921 | ||
| 952 | |0 0 |1 0 |4 0 |6 379_153500000000000_JIM_1988 |7 0 |8 P |9 506249 |a BIBEDU |b BIBEDU |c BIBEDU_PB |d 2020-01-23 |i 3962962 |o 379.1535 JIM 1988 |p 3962962 |r 2024-01-25 |w 2020-01-23 |y BK |k EPE | ||